00300nam a2200121Ia 4500008004100000041000800041082001200049100001700061245003000078260003000108300002900138365001100167240624s9999 xx 000 0 und d aeng a920 BEA aBEAHM GEORGE aSTEVE JOBS LIFE BY DESIGN c2014aMumbaibJaico Books ax, : 226 : p. : cm. ; 19 cRSb35